| Tag |
First Indicator |
Second Indicator |
Subfields |
| LEADER |
00000cam a2200000 a 4500 |
| 001 |
in00000777513 |
| 005 |
20151017061116.0 |
| 008 |
880520s1989 nyua b 00110 eng |
| 010 |
|
|
|a 88018807
|
| 020 |
|
|
|a 0471633860
|
| 035 |
|
|
|a (OCoLC)18106180
|
| 035 |
|
|
|9 ADM5683AM
|
| 040 |
|
|
|a DLC
|c DLC
|d TXA
|d UtOrBLW
|
| 049 |
|
|
|a TXAM
|c [A11967547]
|
| 050 |
0 |
0 |
|a QA76.758
|b .B83 1989
|
| 082 |
0 |
|
|a 005.1/0218
|2 19
|
| 100 |
1 |
|
|a Buckley, Fletcher J.
|
| 245 |
1 |
0 |
|a Implementing software engineering practices /
|c Fletcher J. Buckley.
|
| 264 |
|
1 |
|a New York :
|b Wiley,
|c [1989]
|
| 264 |
|
4 |
|c ©1989
|
| 300 |
|
|
|a xxiii, 172 pages :
|b illustrations ;
|c 24 cm.
|
| 336 |
|
|
|a text
|b txt
|2 rdacontent
|
| 337 |
|
|
|a unmediated
|b n
|2 rdamedia
|
| 338 |
|
|
|a volume
|b nc
|2 rdacarrier
|
| 490 |
1 |
|
|a Wiley series in industrial software engineering practice
|
| 500 |
|
|
|a "Wiley-Interscience publication."
|
| 504 |
|
|
|a Bibliography: pages 135-137.
|
| 500 |
|
|
|a Includes index.
|
| 650 |
|
0 |
|a Software engineering
|x Standards.
|
| 830 |
|
0 |
|a Wiley series in industrial software engineering practice.
|
| 999 |
|
|
|a MARS
|
| 999 |
f |
f |
|s f1ecbb71-50bf-33c6-8fc5-17515f6d5d4b
|i b37fda93-ef35-3f96-b39d-ea574c72539e
|t 0
|
| 952 |
f |
f |
|p ric
|a Texas A&M University
|b Rellis Campus
|c Joint Library Facility
|d Remote Storage
|t 0
|e QA76.758 .B83 1989
|h Library of Congress classification
|i unmediated -- volume
|m A14811967547
|
| 998 |
f |
f |
|a QA76.758 .B83 1989
|t 0
|l Remote Storage
|